| 000 | 00424nam a22001697a 4500 | ||
|---|---|---|---|
| 005 | 20180905151346.0 | ||
| 008 | 160622b xxu||||| |||| 00| 0 eng d | ||
| 020 | _a81-7446-188-4 | ||
| 041 | _aeng | ||
| 082 |
_b9022 _a658.403 |
||
| 100 |
_aArora, Ashok and Bhatiya, Akshaya _92505 |
||
| 245 | _aManagement Information System | ||
| 260 |
_bExcel book _c2005 |
||
| 300 | _a480p, | ||
| 650 |
_aManagement _9241 |
||
| 942 | _cBK | ||
| 999 |
_c3562 _d3561 |
||